Strategic cost management (Record no. 241410)

MARC details
000 -LEADER
fixed length control field 01648nam a22002177a 4500
005 - DATE AND TIME OF LATEST TRANSACTION
control field 20260513150529.0
008 - FIXED-LENGTH DATA ELEMENTS--GENERAL INFORMATION
fixed length control field 260507b |||||||| |||| 00| 0 eng d
020 ## - INTERNATIONAL STANDARD BOOK NUMBER
International Standard Book Number 9789358402094
040 ## - CATALOGING SOURCE
Transcribing agency AL
041 ## - LANGUAGE CODE
Language code of text/sound track or separate title English
082 ## - DEWEY DECIMAL CLASSIFICATION NUMBER
Classification number 657.42
Item number MADS
100 ## - MAIN ENTRY--PERSONAL NAME
Personal name J Madegowda
100 ## - MAIN ENTRY--PERSONAL NAME
9 (RLIN) 263919
245 ## - TITLE STATEMENT
Title Strategic cost management
260 ## - PUBLICATION, DISTRIBUTION, ETC.
Place of publication, distribution, etc. Mumbai
Name of publisher, distributor, etc. Himalaya Publishing House
Date of publication, distribution, etc. 2024
300 ## - PHYSICAL DESCRIPTION
Extent x,590p.
Other physical details PB
Dimensions 28x22 cm
365 ## - TRADE PRICE
Price type code 6831
Price amount ₹796.00
Currency code
Unit of pricing ₹995.00
Price note 20%
Price effective from 14-03-2026
520 ## - SUMMARY, ETC.
Summary, etc. This book, “Strategic Cost Management”, addresses the lack of literature in academic programs by offering a comprehensive guidance. After introducing the foundational aspects Cost Accounting, the book discusses comprehensively 15 key tools and techniques of Strategic Cost Management such as Activity-Based Costing, Target Costing, Balanced Scorecard, etc. Emphasizing practical application, each concept is analysed with relevant examples. The book aims to bridge theory with real-world relevance, making it a valuable resource for students, faculty members and practitioners seeking a deeper understanding of Strategic Cost Management.<br/>CONTENTS: – <br/>1: Introduction – Cost Ascertainment to Strategic Cost Management 2: Activity-Based Costing 3: Life Cycle Costing 4: Target Costing 5: Learning Curve Theory 6: Pricing – Strategies, Policies and Methods 7: Transfer Pricing 8: JIT Policy 9: TQM and Quality Costs 10: Balanced Score Card 11: Theory of Constraints 12: Throughput Accounting 13: Miscellaneous Tools and Techniques of SCM
650 ## - SUBJECT ADDED ENTRY--TOPICAL TERM
Topical term or geographic name entry element Cost Accounting
9 (RLIN) 263539
700 ## - ADDED ENTRY--PERSONAL NAME
Personal name Gowda, Inchara P M
9 (RLIN) 263527
942 ## - ADDED ENTRY ELEMENTS (KOHA)
Source of classification or shelving scheme Dewey Decimal Classification
Koha item type Book
Holdings
Withdrawn status Lost status Source of classification or shelving scheme Damaged status Not for loan Collection code Home library Current library Shelving location Date acquired Source of acquisition Cost, normal purchase price Total Checkouts Full call number Barcode Date last seen Cost, replacement price Price effective from Koha item type
    Dewey Decimal Classification     Management St Aloysius Library St Aloysius Library Stack Section 02/17/2026 Biblios Book Point, Surathkal-575014 796.00   657.42 MADS 078128 05/07/2026 995.00 03/14/2026 Book